Science Quiz

Random Science Quiz
Score 0/26 Timer 01:00
0 Plays Today
Hint Answer % Correct
During metaphase the chromosomes line up in the middle???
49.2%
Mitosis makes sex cells/gametes???
47.6%
During anaphase the chromosomes are pulled apart???
45.2%
In Mitosis you end with diploid cells???
44.4%
During anaphase the chromosomes get their shape???
43.5%
During telophase two new cells start to form???
43.5%
Chromosomes duplicate before Mitosis???
43.5%
In Mitosis, 4 new cells are created???
43.5%
In Mitosis, 2 new cells are created???
43.5%
In Mitosis you start with a diploid cell???
42.7%
In Mitosis you start with a somatic cell???
42.7%
In mitosis you end up with the same number of chromosomes???
41.9%
Mitosis makes somatic cells???
41.9%
Hint Answer % Correct
During metaphase the chromosomes are pulled apart???
41.9%
After mitosis all the cells created are identical to each other???
41.9%
During prophase the chromosomes get their shape???
41.1%
During prophase two new cells start to form???
41.1%
Mitosis happens when you get a cut or are growing???
41.1%
During prophase the chromosomes line up in the middle???
40.3%
In Mitosis PMAT happens once???
40.3%
In Mitosis PMAT happens twice???
40.3%
What did one cell say to his sister when she stepped on his toe????
40.3%
In mitosis you end up with the half the number of chromosomes???
38.7%
Humans have 46 chromosomes in each cell at the end of mitosis???
38.7%
Humans have 23 chromosomes in each cell at the end of mitosis???
38.7%
In Mitosis you end with haploid cells???
34.7%
Come Together.
Have Fun.
All Virtual.
We all need to come together. Play Sporcle's virtual live trivia to have fun, connect with people, and get your trivia on. Join a live hosted trivia game for your favorite pub trivia experience done virtually. If a virtual private party is more your thing, go here for details.

You're not logged in!

Compare scores with friends on all Sporcle quizzes.
OR
Log In

Sporcle TV

Today on Sporcle TV


Watch our educational content, quiz creation guides, and fun videos on Sporcle TV.

You Might Also Like...

Show Comments

Extras

Created Feb 4, 2016ReportNominate
Tags:mitosis

Top Quizzes Today


Score Distribution

Paid Content

Your Account Isn't Verified!

In order to create a playlist on Sporcle, you need to verify the email address you used during registration. Go to your Sporcle Settings to finish the process.

Report this User

Report this user for behavior that violates our Community Guidelines.

Details: